Sanat - "Oi jouluyö" - Statistics

Yleistilastot
  • Tätä visaa on pelattu 22 kertaa
  • Keskiarvotulos 42 / 91
Vastaustilastot
Vastaus % Oikein
jo
100%
Jo
100%
Oi
100%
oi
100%
oi
100%
oi
100%
oi
100%
oi
100%
jouluyö
94%
jouluyö
94%
jouluyö
94%
jouluyö
94%
jouluyö
94%
ja
67%
ja
67%
ja
67%
67%
67%
67%
67%
67%
autuas
56%
Herra
56%
Herra
56%
kun
56%
kaikki
50%
kaikki
50%
antoi
44%
hetki
44%
ihmiseksi
44%
kansat
44%
kansat
44%
on
44%
on
44%
on
44%
taivahan
44%
hän
39%
henkensä
39%
Herraa
39%
Herraa
39%
kärsi
39%
kiittäkäätte
39%
kiittäkäätte
39%
nyt
39%
sai
39%
siis
39%
siis
39%
siis
39%
tähden
39%
te
39%
te
39%
astui
33%
ihmisten
33%
ihmisten
33%
ihmisten
33%
ihmisten
33%
kuolemaan
33%
puolestamme
33%
ristinkuoleman
33%
synteimme
33%
taivas
33%
toi
33%
vaan
33%
kiitosta
28%
lapsille
28%
laulamme
28%
lohtu
28%
lohtu
28%
lohtu
28%
lohtu
28%
maan
28%
maan
28%
taivahasta
28%
aavojen
22%
auennut
22%
kahleet
22%
kirvonneet
22%
loistaa
22%
Luojan
22%
meille
22%
merten
22%
orjuus
22%
päättyi
22%
poissa
22%
rauhan
22%
säde
22%
syntiemme
22%
toivon
22%
veljesvaino
22%
yllä
22%
hohtavainen
17%
Ehtoja vastaavia visoja ei löytynyt
Tulosjakauma
Jokaisen tuloksen saaneiden osuus
Persentiili vastausten määrän mukaan
Tuloshistoriasi
Et ole pelannut tätä visaa